00818nam a2200181 i 4500001000700000003000900007005001700016008004100033040002000074100003300094245011700127260006700244300002100311490008500332650003400417830008500451852010000536152621ES-MaACL20240428063045.0051018s1869 po | |||||||| ||por d aCAM bspa cCAM1 aBraga, Teófilo,d1843-192410aHistoria da poesia moderna em Portugal b: carta a J.M. Nogueira Lima, sobre a Grinalda / cpor Theophilo Braga. aPorto : b[s.n.], c1869 .f(Typographia da Livraria Nacional) a18 p. ; c23 cm.1 aRevista crítica de litteratura moderna / por uma sociedade de litteratos ; v3 7aPoesía portuguesa-ys.XIX20 aRevista crítica de litteratura moderna / por uma sociedade de litteratos ; v3 aES-MaACLjT-700-F-11 z-- Enc. hol., conservando la enc. original z-- Enc. en un vol. facticio